000 00346nam a2200145Ia 4500
005 20251222154315.0
008 251222s9999||||xx |||||||||||||| ||spa||
020 _a84205087199
082 _a510/N36
100 _aNegro , Adolfo
245 0 _aCerca de la Matemática:
250 _a1ra.ed.
264 _bEditorial Alhambra, S.A.
942 _cLIB
999 _c33547
_d33547